Can you name the flowers the below? - Statistics

General Stats
  • This quiz has been taken 221 times
  • The average score is 23 of 50
Answer Stats
Picture Answer % Correct
Rose
99%
Daisy
98%
Sunflower
96%
Lilly
90%
Poppy
85%
Lavender
84%
Daffodil
79%
Dandelion
78%
Marigold
78%
Tulip
72%
Dahlia
70%
Orchid
70%
Water lilly
64%
Lotus
62%
Hibiscus
61%
Bluebell
60%
Peony
60%
Crocus
58%
Iris
58%
Lilly of the valley
58%
Lilac
56%
Foxglove
55%
Snowdrop
52%
Petunia
44%
Thistle
44%
Hyacinth
43%
Gerbera
37%
Lupin
36%
Narcissus
36%
Zinnia
35%
Magnolia
34%
Cosmos
30%
Allium
29%
Azalea
27%
Clematis
24%
Calla lilly
23%
Gladiolus
23%
Primrose
23%
Agapanthus
22%
Begonia
22%
Larkspur
19%
Anemone
17%
Chamomile
14%
Yarrow
13%
Calendula
12%
Periwinkle
11%
Oxeye daisy
10%
Daphne
8%
Oleander
7%
Gaillardia
6%
No matching quizzes found
Score Distribution
Percent of People with Each Score
Percentile by Number Answered
Your Score History
You have not taken this quiz